000 00737cam a2200253 a 4500
008
020 _a0750658649 (pbk.)
049 _aMAIN
090 _aTH435
_bMAR
100 1 _aBrook, Martin.
245 1 0 _aEstimating and tendering for construction work /
_cMartin Brook.
250 _a3rd ed.
260 _aBoston :
_bButterworth-Heinemann,
_c2004.
300 _axvii, 310 p. :
_bill. ;
_c25 cm.
500 _aIncludes index.
504 _aIncludes bibliographical references.
650 0 _aBuilding
_xEstimates.
650 0 _aLetting of contracts.
907 _a.b10332996
_b14-06-13
_c12-06-13
003
005 20230123122017.0
040 _cNUST
942 _cBOOKS
_kTH435
_mMAR
999 _c126268
_d126268